Consideraciones clínicas sobre las nefroptosis : etiología-fenómenos de retención y tratamiento del riñón móvil : memoria de doctorado (Record no. 121905)

MARC details
000 -LEADER
campo de control de longitud fija 00742nam a2200169 4500
001 - NÚMERO DE CONTROL
campo de control 121905
003 - IDENTIFICADOR DE NÚMERO DE CONTROL
campo de control ES-MaACL
005 - FECHA Y HORA DE LA ÚLTIMA TRANSACCIÓN
campo de control 20230906191848.0
007 - CAMPO FIJO DE DESCRIPCIÓN FÍSICA--INFORMACIÓN GENERAL
campo de control de longitud fija t|
008 - DATOS DE LONGITUD FIJA--INFORMACIÓN GENERAL
campo de control de longitud fija 070214s1907 sp r ||||1| spa d
100 1# - ENTRADA PRINCIPAL--NOMBRE DE PERSONA
Nombre de persona Población, Casimiro.
9 (RLIN) 92683
245 10 - MENCIÓN DEL TÍTULO
Título Consideraciones clínicas sobre las nefroptosis : etiología-fenómenos de retención y tratamiento del riñón móvil : memoria de doctorado
Resto del título : etiología-fenómenos de retención y tratamiento del riñón móvil : memoria de doctorado /
Mención de responsabilidad, etc. por Casimiro Población.
260 ## - PUBLICACIÓN, DISTRIBUCIÓN, ETC.
Lugar de publicación, distribución, etc. Salamanca :
Nombre del editor, distribuidor, etc. [s. n.],
Fecha de publicación, distribución, etc. 1907 (
Fabricante Imp. y Lib. de Francisco Nuñez Izquierdo)
300 ## - DESCRIPCIÓN FÍSICA
Extensión 88 p.
500 ## - NOTA GENERAL
Nota general Tesis Doctoral, Universidad Central de Madrid, 1907.
852 ## - LOCALIZACIÓN
Ubicación ES-MaACL
Número de control de estantería T-1135-F-4
Holdings
Estatus retirado Estado de pérdida Estado de daño No para préstamo Colección Biblioteca de origen Biblioteca actual Ubicación en estantería Fecha de adquisición Fuente de adquisición Total de préstamos Signatura topográfica completa Código de barras Visto por última vez Precio de reemplazo Tipo de ítem Koha
        Colección de folletos Biblioteca del Ateneo de Madrid Biblioteca del Ateneo de Madrid Depósito folletos 17/01/2008     T-1135-F-4 1127041 23/02/2023 23/02/2023 Folleto